000 01881nam a22003257a 4500
001 9436
003 FISKH
005 20260108085931.0
008 260108b cb ||||| |||| 00| 0 eng d
020 _a9789995054212
040 _aFISKH
_bkhr
_cFISKH
_dFISKH
050 _aPZ7
082 _a398.2
100 _aProeung , Pich
245 _aមិត្តខ្ញុំជាប់ចោទ /
_cនិពន្ធរឿងដោយ ពេជ្រ ព្រឿង ,​ គូររូបដោយ សំ សារ៉ាត
260 _aភ្នំពេញ :
_bក្រុមបោះពុម្ពផ្សាយ ស៊ីប៉ា ,​
_c២០១០​ .
300 _a32 pages :
_bcolor illustrations ;
_c19 cm .
490 _aខ្ញុំចង់អាន
505 _aO
520 _aការលួចមួយបានកើតឡើងនៅសាលារៀន។ នៅក្នុងការិយាល័យនាយក ស័រន ត្រូវបានចោទប្រកាន់ដោយអយុត្តិធម៌។ ស័រន និង ដារ៉ា បានស៊ើបអង្កេតករណីនេះ ហើយដោយសារមិត្តភាពរបស់ពួកគេ ការពិតក៏ត្រូវបានបង្ហាញឡើង។
520 _aA theft took place at school. In principal's office, Sorn was injustly charged. Sorn and Dara investigated the case and because of their friendship, the truth revealed .
521 8 _a610
_bLexile estimate
521 8 _aO
_bRaz-Plus
650 _a មិត្តខ្ញុំជាប់ចោទ
_vរឿងនិទានកុមារ
650 _aMy friend was accused
_vChildren's Stories
700 _aSarath , Sam
_eIllustrator
700 _aSothi , Hok
_eEditor
942 _2ddc
_cKHB
_n0
999 _c9436
_d9436